| 000 | 00614nam a2200181 i 4500 | ||
|---|---|---|---|
| 001 | 131011 | ||
| 003 | ES-MaACL | ||
| 005 | 20230906193910.0 | ||
| 007 | t| | ||
| 008 | 070214s1958 sp r ||||1| spa d | ||
| 100 | 1 |
_aRobert, Antonio. _997799 |
|
| 245 | 1 | 0 |
_aInforme sobre la economía española y la integración europea / _cpor Antonio Robert. |
| 260 |
_aMadrid : _bConsejo Económico Sindical Nacional, _c1958. |
||
| 300 |
_a90 p. : _bil. ; _c29 cm. |
||
| 651 | 4 |
_aEspaña- _xSituación económica- _y1939-1975. _9163578 |
|
| 710 | 2 |
_aConsejo Económico Sindical (España) _93197 |
|
| 852 |
_aES-MaACL _jC-15058 |
||
| 999 |
_c131011 _d131011 |
||